[Event "AUTO-ADV-2067"]
[Site "http://www.queenalice.com/game.php?id=898616"]
[Date "2011.2.10"]
[Round "1"]
[White "Fariajj"]
[Black "Evandrogon"]
[Result "0-1"]
[WhiteElo "1828"]
[BlackElo "1937"]

1. d4 d5 2. c4 dxc4 3. Nc3 c6 4. Nf3 Nf6 5. e3 b5 6. Bd2 e6 7. Be2 Bd6 8. O-O
Qc7 9. Qc2 Ng4 10. g3 O-O 11. Ne4 f5 12. Nxd6 Qxd6 13. a3 a5 14. Rad1 Bb7 15.
Ng5 h6 16. Nh3 Nd7 17. f3 Ngf6 18. Nf4 Kf7 19. Ng2 Kg8 20. f4 Ne4 21. Nh4 c5 22.
dxc5 Qxc5 23. Ng6 Rf6 24. Bh5 Kh7 25. Rde1 Rxg6 26. Bxg6+ Kxg6 27. Bc3 Nxc3 28.
Qxc3 Qd5 29. e4 Qc5+ 30. Re3 Bxe4 31. b4 Qb6 32. h3 axb4 33. axb4 Ra2 34. Rf2
Rxf2 35. Kxf2 Nf6 36. g4 Nd5 37. gxf5+ exf5 38. Qe1 Nxe3 39. Qxe3 Qxe3+ 40. Kxe3
c3 41. h4 h5 42. Ke2 c2 43. Kd2 Kf6 44. Kc1 Ke6 45. Kd2 Kd5 46. Kc1 Kc4 0-1

[Event "AUTO-ADV-2067"]
[Site "http://www.queenalice.com/game.php?id=898617"]
[Date "2011.2.10"]
[Round "1"]
[White "Evandrogon"]
[Black "Fariajj"]
[Result "1-0"]
[WhiteElo "1938"]
[BlackElo "1933"]

1. e4 c5 2. d4 cxd4 3. Qxd4 Nc6 4. Qd1 d6 5. Bb5 Bd7 6. c3 Qc7 7. Nf3 e6 8. O-O
Nf6 9. Re1 Be7 10. e5 Nxe5 11. Bxd7+ Nexd7 12. Be3 O-O 13. Nbd2 b5 14. a4 a6 15.
axb5 axb5 16. Qe2 Qc6 17. Nd4 Qb7 18. Nxb5 Nd5 19. Reb1 Nxe3 20. fxe3 Rxa1 21.
Rxa1 Ra8 22. Rxa8+ Qxa8 23. g3 Qa2 24. Nf3 Nf6 25. Nbd4 Qb1+ 26. Kg2 Qe4 27. Kg1
Ng4 28. Nd2 Qxe3+ 29. Qxe3 Nxe3 30. b4 Bf6 31. b5 Nd5 32. Ne4 Nxc3 33. Nxf6+
gxf6 34. b6 1-0

[Event "AUTO-ADV-2067"]
[Site "http://www.queenalice.com/game.php?id=898632"]
[Date "2011.2.10"]
[Round "1"]
[White "pacou93"]
[Black "Evandrogon"]
[Result "1-0"]
[WhiteElo "1887"]
[BlackElo "1913"]

1. e4 Nc6 2. d4 d5 3. Nc3 dxe4 4. d5 Nb4 5. Nxe4 Nxd5 6. c4 Ndf6 7. Qxd8+ Kxd8
8. Bd3 Bf5 9. f3 e6 10. Bg5 Ne7 11. Bxf6 gxf6 12. Nxf6 Bxd3 13. O-O-O Bg7 14.
Rxd3+ Kc8 15. Ne4 b6 16. Ne2 Rg8 17. g4 Kb7 18. Rd7 Nc6 19. Rxf7 Rad8 20. Rd1
Rxd1+ 21. Kxd1 Bxb2 22. Rxh7 Rd8+ 23. Kc2 Be5 24. f4 Nd4+ 25. Nxd4 Rxd4 26. Nc5+
bxc5 27. fxe5 1-0

[Event "AUTO-ADV-2067"]
[Site "http://www.queenalice.com/game.php?id=898633"]
[Date "2011.2.10"]
[Round "1"]
[White "Evandrogon"]
[Black "pacou93"]
[Result "0-1"]
[WhiteElo "1932"]
[BlackElo "1868"]

1. Nf3 d5 2. d4 Nf6 3. Nc3 g6 4. h3 Bg7 5. Bf4 O-O 6. e3 Nc6 7. a3 Bf5 8. Bd3
Bxd3 9. cxd3 h6 10. e4 Kh7 11. e5 Nh5 12. Bh2 f5 13. Qb3 e6 14. O-O g5 15. Qxb7
Qd7 16. Qb3 g4 17. hxg4 fxg4 18. Nh4 Rab8 19. Qc2 Nxd4 20. Qd1 Nf5 21. Qxg4 Nxh4
22. Qxh4 Qf7 23. b4 Bh8 24. d4 Nf4 25. Bxf4 Qg6 26. Bg3 a6 27. Ne2 Qg5 0-1

[Event "AUTO-ADV-2067"]
[Site "http://www.queenalice.com/game.php?id=898644"]
[Date "2011.2.10"]
[Round "1"]
[White "Evandrogon"]
[Black "henriq19"]
[Result "0-1"]
[WhiteElo "2002"]
[BlackElo "1952"]

1. Nf3 Nc6 2. e4 e5 3. Bc4 Be7 4. d3 d6 5. h3 Nf6 6. Bxf7+ Kxf7 7. Nc3 Rf8 8.
O-O Kg8 9. a3 Be6 10. Ng5 Bd7 11. f4 exf4 12. Bxf4 Nd4 13. Be3 Ne6 14. Nxe6 Bxe6
15. Nb5 a6 16. Nd4 Bf7 17. c4 c5 18. Nf5 b5 19. cxb5 axb5 20. Qf3 Bg6 21. Nxe7+
Qxe7 22. Qg3 Nh5 23. Qg4 Rxf1+ 24. Rxf1 Nf6 25. Qg3 c4 26. Bd4 cxd3 27. Qxd3
Qxe4 28. Qd2 Qd3 29. Qb4 Ra4 30. Qe1 Qxd4+ 31. Kh1 Qxb2 32. Qe6+ Bf7 33. Qxd6 h6
34. Qd8+ Kh7 35. Qe7 Bd5 36. Rf3 Bxf3 37. gxf3 Rxa3 0-1

[Event "AUTO-ADV-2067"]
[Site "http://www.queenalice.com/game.php?id=898645"]
[Date "2011.2.10"]
[Round "1"]
[White "henriq19"]
[Black "Evandrogon"]
[Result "0-1"]
[WhiteElo "1972"]
[BlackElo "1970"]

1. d4 d5 2. Nf3 Bf5 3. Bf4 h6 4. h3 e6 5. e3 a6 6. Bd3 Bxd3 7. cxd3 Bd6 8. Bxd6
Qxd6 9. O-O Nf6 10. Nc3 Nc6 11. a3 O-O 12. Re1 Ne7 13. e4 dxe4 14. dxe4 Qb6 15.
Qc2 Rad8 16. Rad1 c6 17. e5 Nfd5 18. Kh1 c5 19. Na4 Qc7 20. Nxc5 b6 21. Rc1 bxc5
22. dxc5 Rb8 23. b4 a5 24. Re4 axb4 25. axb4 Nxb4 26. Qb1 Nbd5 27. Qc2 Rfc8 28.
Rh4 Ng6 29. Nd4 Nxh4 30. c6 Qxe5 31. c7 Nxc7 32. Nc6 Qg5 33. g3 Nd5 34. Qe4
Qxc1+ 35. Kh2 Rxc6 36. Qxh4 Rc2 0-1

[Event "AUTO-MASTER-1343"]
[Site "http://www.queenalice.com/game.php?id=898760"]
[Date "2011.2.11"]
[Round "1"]
[White "Phenomenusmiracularis"]
[Black "Evandrogon"]
[Result "1-0"]
[WhiteElo "2030"]
[BlackElo "1956"]

1. e4 e5 2. Nf3 d6 3. d4 exd4 4. Qxd4 h6 5. Nc3 Nf6 6. Bf4 a6 7. O-O-O Nc6 8.
Qd2 Be6 9. h3 Be7 10. g4 Qd7 11. Bg2 Nb4 12. a3 Na2+ 13. Nxa2 Bxa2 14. b3 Nxe4
15. Qe3 Nc5 16. Kb2 Bxb3 17. cxb3 O-O-O 18. Ka2 Rhe8 19. Qd2 Bf6 20. Nd4 g6 21.
Bxh6 Bxd4 22. Qxd4 Re2+ 23. Rd2 Qb5 24. Bd5 Rxd2+ 25. Qxd2 f6 26. Be3 Kb8 27.
Bc4 Qd7 28. Bxc5 dxc5 29. Qxd7 Rxd7 30. f4 b5 31. Be6 Rd6 32. f5 g5 33. Kb2 a5
34. Kc2 Kb7 35. Rd1 Kb6 36. Rxd6+ cxd6 37. Kd3 Kc6 38. Ke4 b4 39. a4 Kc7 40. Kd5
1-0

[Event "AUTO-MASTER-1343"]
[Site "http://www.queenalice.com/game.php?id=898761"]
[Date "2011.2.11"]
[Round "1"]
[White "Evandrogon"]
[Black "Phenomenusmiracularis"]
[Result "0-1"]
[WhiteElo "2001"]
[BlackElo "1996"]

1. d4 d5 2. Bf4 c5 3. dxc5 Nc6 4. Nc3 d4 5. Nb5 Qa5+ 6. Bd2 Qxb5 7. b3 Qxc5 8.
e3 e5 9. Bd3 f5 10. exd4 Nxd4 11. c3 Nc6 12. Ne2 Nf6 13. h3 Be6 14. Be3 Qd6 15.
Qc2 e4 16. Bb5 Be7 17. Nd4 Bd7 18. Bxc6 bxc6 19. Rd1 Qc7 20. O-O f4 21. Bd2 c5
22. Ne2 Bd6 23. c4 O-O 24. Qc1 Nh5 25. Nc3 f3 26. Nxe4 Bh2+ 27. Kh1 fxg2+ 28.
Kxg2 Bc6 29. Rde1 Rae8 30. Qc2 Bf4 31. Bxf4 Qxf4 32. Re3 Rxe4 0-1

[Event "AUTO-MASTER-1343"]
[Site "http://www.queenalice.com/game.php?id=898772"]
[Date "2011.2.11"]
[Round "1"]
[White "henriq19"]
[Black "Evandrogon"]
[Result "0-1"]
[WhiteElo "1956"]
[BlackElo "1986"]

1. d4 d5 2. Nf3 Bf5 3. Bf4 Nc6 4. c3 h6 5. e3 a6 6. Be2 Nf6 7. O-O e6 8. Nbd2
Bd6 9. Bxd6 Qxd6 10. b4 b5 11. a4 bxa4 12. Qxa4 O-O 13. Rfe1 Ne4 14. Nxe4 Bxe4
15. Rac1 Ne7 16. Qb3 c6 17. c4 dxc4 18. Qxc4 Rfb8 19. Qc5 Qxc5 20. bxc5 Bxf3 21.
Bxf3 a5 22. Ra1 a4 23. Ra3 Rb3 24. Rxb3 axb3 25. Be4 b2 26. Bb1 Nd5 27. Re2 Rb8
28. Kf1 Nc3 29. Re1 f5 30. g3 Ra8 31. e4 Ra1 32. exf5 Nxb1 33. fxe6 Nd2+ 34. Ke2
Rxe1+ 35. Kxe1 Nf3+ 36. Ke2 Nxd4+ 0-1

[Event "AUTO-MASTER-1343"]
[Site "http://www.queenalice.com/game.php?id=898773"]
[Date "2011.2.11"]
[Round "1"]
[White "Evandrogon"]
[Black "henriq19"]
[Result "0-1"]
[WhiteElo "1985"]
[BlackElo "1927"]

1. d4 d5 2. Bf4 Nf6 3. e3 Bf5 4. Bd3 Bg4 5. Be2 Bxe2 6. Qxe2 e6 7. Qb5+ Nc6 8.
Qxb7 Na5 9. Qb5+ c6 10. Qd3 Be7 11. Nf3 O-O 12. b3 c5 13. dxc5 Bxc5 14. Be5 Nc6
15. c3 a5 16. a4 Be7 17. Ng5 Nxe5 18. Qc2 Ng6 19. O-O Qd6 20. Nd2 Ng4 21. Ndf3
Bxg5 22. h3 Nxe3 23. fxe3 Bxe3+ 24. Kh1 Qg3 25. Rae1 Bf4 26. Qf2 Qxf2 27. Rxf2
Bg3 28. Ref1 Bxf2 29. Rxf2 Rab8 30. Rb2 Rfc8 31. b4 Rxc3 32. b5 Rb6 33. Kh2 Rc4
34. Ra2 f6 35. g3 Ne5 36. Nxe5 fxe5 0-1

[Event "AUTO-MASTER-1343"]
[Site "http://www.queenalice.com/game.php?id=898780"]
[Date "2011.2.11"]
[Round "1"]
[White "Evandrogon"]
[Black "technicaldraw"]
[Result "0-1"]
[WhiteElo "2019"]
[BlackElo "1995"]

1. Nf3 Nf6 2. Nc3 c5 3. e4 Nc6 4. Bb5 Qc7 5. d3 g6 6. h3 Bg7 7. a3 a6 8. Bc4 O-O
9. O-O b5 10. Ba2 d6 11. Be3 Nd7 12. Ng5 Nde5 13. f4 Nd7 14. Qf3 Nd4 15. Bxd4
cxd4 16. Nd5 Qd8 17. h4 e6 18. Nb4 Bb7 19. c4 bxc4 20. Bxc4 Nc5 21. Qg3 a5 22.
Nc2 Ba6 23. Nxd4 Bxd4+ 24. Kh1 Bxc4 25. dxc4 Bxb2 26. Ra2 Bf6 27. h5 Bxg5 28.
fxg5 Nxe4 29. Qg4 Nxg5 30. Raf2 f5 31. Qh3 Nxh3 32. gxh3 Qh4 33. hxg6 hxg6 34.
Kh2 Kg7 35. Rc2 Rh8 36. Rf3 e5 37. Rg2 Raf8 38. Rfg3 Rf6 0-1

[Event "AUTO-MASTER-1343"]
[Site "http://www.queenalice.com/game.php?id=898781"]
[Date "2011.2.11"]
[Round "1"]
[White "technicaldraw"]
[Black "Evandrogon"]
[Result "0-1"]
[WhiteElo "1991"]
[BlackElo "2003"]

1. e4 e5 2. Nf3 Nc6 3. Bb5 Qf6 4. Nc3 Nge7 5. d3 h6 6. O-O a6 7. Bxc6 dxc6 8. h3
Ng6 9. Nh2 Bc5 10. Be3 Bb6 11. Bxb6 cxb6 12. Ng4 Bxg4 13. Qxg4 O-O 14. Ne2 Qd6
15. a3 a5 16. f4 exf4 17. Nxf4 Nxf4 18. Rxf4 Qd4+ 19. Kh1 Qxb2 20. Qd1 Qe5 21.
Qf1 Rad8 22. Rf5 Qc3 23. Rf2 Rd6 24. a4 b5 25. axb5 cxb5 26. e5 Re6 27. Re2 a4
28. Qe1 Rc8 29. Qxc3 Rxc3 30. Rb1 Rb6 31. d4 a3 32. d5 a2 0-1

[Event "AUTO-MASTER-1368"]
[Site "http://www.queenalice.com/game.php?id=913450"]
[Date "2011.3.16"]
[Round "1"]
[White "TheWatcher"]
[Black "Evandrogon"]
[Result "1-0"]
[WhiteElo "2057"]
[BlackElo "1888"]

1. e4 Nc6 2. d4 d5 3. e5 Bf5 4. c3 a6 5. a4 e6 6. Nf3 h6 7. Nbd2 Nge7 8. Be2 Ng6
9. O-O Be7 10. Re1 O-O 11. Nf1 Na5 12. Ne3 Be4 13. b4 Nc4 14. Bxc4 dxc4 15. Nxc4
Bxf3 16. Qxf3 Rb8 17. Qg4 Qd5 18. Ne3 Qc6 19. Bd2 Rbd8 20. Ra2 Nh4 21. f3 f5 22.
Qh3 Ng6 23. d5 Rxd5 24. Nxd5 Qxd5 25. Rea1 Nxe5 26. Be3 Bf6 27. Bd4 b6 28. Rd2
Nc4 29. Rdd1 Bxd4+ 30. Rxd4 Qc6 31. Qh4 Nd6 32. Qe1 Re8 33. Rd3 Qc4 34. Rad1 Kf7
35. Rd4 Qc6 36. a5 bxa5 37. bxa5 Qc5 38. Kh1 Qxa5 39. g4 g6 40. Rb4 c5 41. Rbb1
Qc7 42. Qd2 Rd8 43. Qxh6 Rg8 44. Qf4 Rd8 45. gxf5 1-0

[Event "AUTO-MASTER-1368"]
[Site "http://www.queenalice.com/game.php?id=913451"]
[Date "2011.3.16"]
[Round "1"]
[White "Evandrogon"]
[Black "TheWatcher"]
[Result "0-1"]
[WhiteElo "1946"]
[BlackElo "2109"]

1. c4 Nf6 2. d4 e6 3. a3 c5 4. d5 exd5 5. cxd5 d6 6. Nc3 Be7 7. h3 Nbd7 8. e4
O-O 9. Bd3 Ne5 10. Nf3 Nfd7 11. O-O Bf6 12. Nb5 Nxf3+ 13. Qxf3 a6 14. Nxd6 Ne5
15. Qg3 Qxd6 16. Bf4 Re8 17. Bxe5 Bxe5 18. Qf3 Bxb2 19. Rab1 Be5 20. a4 b6 21.
Bc4 Ra7 22. Rb3 Bd7 23. Rfb1 Rb8 24. Kh1 Bxa4 25. Re3 b5 26. Bb3 Bxb3 27. Rexb3
b4 28. Rc1 a5 29. Qg4 a4 0-1

[Event "AUTO-MASTER-1368"]
[Site "http://www.queenalice.com/game.php?id=913466"]
[Date "2011.3.16"]
[Round "1"]
[White "BEBADO"]
[Black "Evandrogon"]
[Result "1-0"]
[WhiteElo "2207"]
[BlackElo "1943"]

1. e4 e5 2. Nf3 Nc6 3. d4 exd4 4. Nxd4 Nf6 5. Nxc6 bxc6 6. Bd3 Bc5 7. O-O O-O 8.
Bg5 Bd4 9. c3 Bb6 10. e5 h6 11. Bxf6 gxf6 12. Qg4+ Kh8 13. Qf5 1-0

[Event "AUTO-MASTER-1368"]
[Site "http://www.queenalice.com/game.php?id=913467"]
[Date "2011.3.16"]
[Round "1"]
[White "Evandrogon"]
[Black "BEBADO"]
[Result "0-1"]
[WhiteElo "1896"]
[BlackElo "2208"]

1. Nf3 Nf6 2. Nc3 d5 3. d4 c5 4. dxc5 e6 5. Bg5 Bxc5 6. e3 O-O 7. Bd3 Nc6 8. a3
Be7 9. O-O e5 10. Bxf6 Bxf6 11. e4 d4 12. Nd5 Be6 13. c4 dxc3 14. Nxc3 Bg4 15.
h3 Bxf3 16. Qxf3 Nd4 17. Qg3 Rc8 18. Rad1 g6 19. Nd5 Bg7 20. f4 exf4 21. Nxf4
Qb6 22. Kh1 Qxb2 23. Rb1 Qxa3 24. Rxb7 Be5 25. Re7 Qxe7 26. Qg4 Bxf4 27. Qxf4
Ne6 28. Qe3 Rc3 29. Qd2 Rc5 30. Qf2 Rc3 31. Bb1 Rfc8 32. Qd2 Qc7 33. Ba2 Rc1 34.
Rg1 Rxg1+ 35. Kxg1 Qc1+ 36. Qxc1 Rxc1+ 37. Kh2 Rc2 38. Bd5 Kg7 0-1

[Event "AUTO-MASTER-1368"]
[Site "http://www.queenalice.com/game.php?id=913476"]
[Date "2011.3.16"]
[Round "1"]
[White "Ferdyrojo"]
[Black "Evandrogon"]
[Result "1-0"]
[WhiteElo "2254"]
[BlackElo "1954"]

1. e4 e5 2. Nf3 d6 3. d4 exd4 4. Nxd4 Nf6 5. Bd3 Bg4 6. f3 Bh5 7. Nc3 a6 8. Bg5
Be7 9. Nf5 O-O 10. Nxe7+ Qxe7 11. g4 Bg6 12. Nd5 Qd8 13. Bxf6 gxf6 14. Qd2 c6
15. Nc3 Qe7 16. h4 d5 17. h5 dxe4 18. Qe3 Re8 19. fxe4 Nd7 20. hxg6 fxg6 21. Qh6
Ne5 22. O-O-O Nxg4 23. Bc4+ Kh8 24. Qxg6 Ne3 25. Rxh7+ 1-0

[Event "AUTO-MASTER-1368"]
[Site "http://www.queenalice.com/game.php?id=913477"]
[Date "2011.3.16"]
[Round "1"]
[White "Evandrogon"]
[Black "Ferdyrojo"]
[Result "0-1"]
[WhiteElo "1950"]
[BlackElo "2257"]

1. Nf3 Nf6 2. Nc3 Nc6 3. e4 d6 4. Bb5 Bd7 5. d3 a6 6. Bxc6 bxc6 7. h3 e5 8. Bg5
Be7 9. d4 exd4 10. Qxd4 O-O 11. Rd1 h6 12. Bxf6 Bxf6 13. Qe3 Re8 14. O-O Qb8 15.
b3 Qb4 16. Rd3 Bxc3 17. Rxc3 Rxe4 18. Qd2 c5 19. a4 Rae8 20. Qd3 Bf5 21. Qd2 Re2
22. Qd5 Qxc3 23. Qxf5 Qxc2 0-1

[Event "AUTO-MASTER-1411"]
[Site "http://www.queenalice.com/game.php?id=939646"]
[Date "2011.5.18"]
[Round "1"]
[White "Evandrogon"]
[Black "Amos"]
[Result "0-1"]
[WhiteElo "1879"]
[BlackElo "2308"]

1. c4 Nf6 2. d4 e6 3. Nc3 d5 4. c5 b6 5. cxb6 axb6 6. Bg5 Be7 7. Nf3 Ba6 8. a3
c5 9. dxc5 bxc5 10. g3 O-O 11. Bg2 Nc6 12. O-O h6 0-1

[Event "AUTO-MASTER-1411"]
[Site "http://www.queenalice.com/game.php?id=939647"]
[Date "2011.5.18"]
[Round "1"]
[White "Amos"]
[Black "Evandrogon"]
[Result "1-0"]
[WhiteElo "2309"]
[BlackElo "1877"]

1. d4 d5 2. c4 dxc4 3. Nc3 e6 4. e4 Bb4 5. Bxc4 h6 6. Qa4+ Nc6 7. d5 Bxc3+ 8.
bxc3 exd5 9. exd5 Bd7 10. dxc6 Qe7+ 11. Be3 Bxc6 12. Bb5 Qe6 13. Bxc6+ bxc6 14.
Nf3 Ne7 15. O-O 1-0